[Event "WchT Seniors 65"]
[Site "Rhodes"]
[Date "2019.04.18"]
[Round "3.5"]
[White "Harle, Bill"]
[Black "Hewson, Brian Wr"]
[Result "1/2-1/2"]
[WhiteElo "1734"]
[BlackElo "2004"]
[PlyCount "57"]
[EventDate "2019.04.16"]
[EventType "team-swiss"]
[EventRounds "9"]
[EventCountry "GRE"]
[SourceTitle "CBM 190 Extra"]
[Source "ChessBase"]
[SourceDate "2019.07.15"]
[SourceVersion "1"]
[SourceVersionDate "2019.07.15"]
[SourceQuality "1"]
[WhiteTeam "Wales"]
[BlackTeam "England II"]
[WhiteTeamCountry "WLS"]
[BlackTeamCountry "ENG"]

1. d4 Nf6 2. Nf3 e6 3. g3 d5 4. Bg2 b5 5. 0-0 Bb7 6. a3 Nbd7 7. Nbd2 c5 8. e3 a5 9. Re1 Be7 10. c3 0-0 11. dxc5 Nxc5 12. Nb3 Qb6 13. Nxc5 Bxc5 14. Bd2 Be7 15. Qe2 Ne4 16. Ne5 Nxd2 17. Qxd2 Rfd8 18. Nd3 Bf6 19. Rac1 Rac8 20. b4 axb4 21. cxb4 Ra8 22. Qa2 Ra7 23. Rb1 Rda8 24. Rb3 Bc6 25. Nc5 Rd8 26. Rd3 g6 27. Red1 Rc8 28. Bh3 Be8 29. Bg2 1/2-1/2

[Event "Tom Weston Major op"]
[Site "Cardiff"]
[Date "2017.04.16"]
[Round "6"]
[White "Probert, Malcolm"]
[Black "Harle, Bill"]
[Result "1/2-1/2"]
[WhiteElo "1592"]
[BlackElo "1817"]
[PlyCount "53"]
[EventDate "2017.04.14"]
[EventType "swiss"]
[EventRounds "7"]
[EventCountry "WLS"]
[SourceTitle "EXT 2019"]
[Source "ChessBase"]
[SourceDate "2018.10.10"]
[SourceVersion "1"]
[SourceVersionDate "2018.10.10"]
[SourceQuality "1"]

1. Nf3 Nf6 2. g3 g6 3. b3 Bg7 4. Bb2 b6 5. Bg2 Bb7 6. c4 d6 7. 0-0 0-0 8. d4 Nbd7 9. Nc3 Re8 10. Qc2 c6 11. Rad1 d5 12. e4 dxe4 13. Nxe4 Nxe4 14. Qxe4 Nf6 15. Qe2 e6 16. Rfe1 Qc7 17. Qe5 Rac8 18. Qxc7 Rxc7 19. Bc1 Rd8 20. Ne5 Nd7 21. f4 Nxe5 22. dxe5 Rcd7 23. Rxd7 Rxd7 24. Kf1 Bf8 25. Ke2 Be7 26. Rd1 Rc7 27. h4 1/2-1/2

[Event "WLS-ch Seniors 1st"]
[Site "Newport"]
[Date "2015.08.30"]
[Round "4"]
[White "Harle, Bill"]
[Black "Waterfield, John"]
[Result "1/2-1/2"]
[WhiteElo "1856"]
[BlackElo "1930"]
[PlyCount "68"]
[EventDate "2015.08.28"]
[EventType "swiss"]
[EventRounds "6"]
[EventCountry "WLS"]
[SourceTitle "EXT 2018"]
[Source "ChessBase"]
[SourceDate "2017.10.13"]
[SourceVersion "1"]
[SourceVersionDate "2017.10.13"]
[SourceQuality "1"]

1. d4 Nf6 2. Nf3 c5 3. e3 g6 4. g3 Bg7 5. Bg2 0-0 6. 0-0 d5 7. c3 b6 8. Nbd2 Bb7 9. b3 Qc7 10. Bb2 Nbd7 11. Rc1 e5 12. c4 e4 13. Ng5 h6 14. Nh3 Qd6 15. cxd5 Bxd5 16. Nf4 Bb7 17. Nc4 Qe7 18. Qc2 cxd4 19. Bxd4 Rac8 20. Qb1 g5 21. Ne2 Nc5 22. Bxc5 Rxc5 23. Nd2 Rd8 24. Nc4 Ng4 25. h3 Ne5 26. Nxe5 Qxe5 27. Rxc5 Qxc5 28. Rc1 Qe5 29. Nd4 f5 30. Nc6 Bxc6 31. Rxc6 Rd2 32. Rc2 Qd5 33. Bf1 Kh7 34. Kg2 Rd1 1/2-1/2

[Event "BCF-ch Seniors"]
[Site "Aberystwyth"]
[Date "2014.07.31"]
[Round "6"]
[White "Szymanski, Mark"]
[Black "Harle, Bill"]
[Result "1/2-1/2"]
[WhiteElo "1814"]
[BlackElo "1884"]
[PlyCount "40"]
[EventDate "2014.07.26"]
[EventType "swiss"]
[EventRounds "7"]
[EventCountry "WLS"]
[SourceTitle "EXT 2017"]
[Source "ChessBase"]
[SourceDate "2016.10.25"]
[SourceVersion "1"]
[SourceVersionDate "2016.10.25"]
[SourceQuality "1"]

1. c4 e6 2. g3 d5 3. Bg2 Nf6 4. Nf3 Be7 5. 0-0 Nbd7 6. b3 0-0 7. Bb2 b6 8. d3 Bb7 9. Qc2 c5 10. Nbd2 d4 11. Rae1 Bd6 12. e3 e5 13. exd4 exd4 14. Re2 Qc7 15. Rfe1 Rad8 16. Ng5 Bxg2 17. Kxg2 h6 18. Nge4 Qc6 19. f3 Bc7 20. a3 Rde8 1/2-1/2

[Event "BCF-ch Seniors"]
[Site "Aberystwyth"]
[Date "2014.07.30"]
[Round "5"]
[White "Harle, Bill"]
[Black "Dennis, Nigel W"]
[Result "1/2-1/2"]
[WhiteElo "1884"]
[BlackElo "1840"]
[PlyCount "65"]
[EventDate "2014.07.26"]
[EventType "swiss"]
[EventRounds "7"]
[EventCountry "WLS"]
[SourceTitle "EXT 2017"]
[Source "ChessBase"]
[SourceDate "2016.10.25"]
[SourceVersion "1"]
[SourceVersionDate "2016.10.25"]
[SourceQuality "1"]

1. d4 Nf6 2. Nf3 g6 3. g3 Bg7 4. Bg2 0-0 5. 0-0 d6 6. b3 c5 7. Bb2 cxd4 8. Bxd4 Nc6 9. Bb2 Qc7 10. Nbd2 Bd7 11. c4 Rac8 12. Rc1 Qb8 13. Re1 a6 14. a3 b5 15. b4 bxc4 16. Rxc4 a5 17. Bxf6 Bxf6 18. bxa5 Nxa5 19. Rb4 Qc7 20. Ne4 Bg7 21. Nd4 Bxd4 22. Rxd4 Qc2 23. Rd2 Qxd1 24. Rexd1 Nc4 25. Ra2 Be6 26. Raa1 Nb2 27. Rd4 Rc2 28. e3 Rfc8 29. h4 Rc1+ 30. Rxc1 Rxc1+ 31. Kh2 Ra1 32. Rb4 Nd3 33. Rb8+ 1/2-1/2

[Event "BCF-ch Seniors"]
[Site "Aberystwyth"]
[Date "2014.07.28"]
[Round "3"]
[White "Harle, Bill"]
[Black "Hewitt, Gary J"]
[Result "1/2-1/2"]
[WhiteElo "1884"]
[BlackElo "1794"]
[PlyCount "68"]
[EventDate "2014.07.26"]
[EventType "swiss"]
[EventRounds "7"]
[EventCountry "WLS"]
[SourceTitle "EXT 2017"]
[Source "ChessBase"]
[SourceDate "2016.10.25"]
[SourceVersion "1"]
[SourceVersionDate "2016.10.25"]
[SourceQuality "1"]

1. d4 Nf6 2. Nf3 e6 3. c4 b6 4. Nc3 Bb4 5. Bd2 Bb7 6. a3 Bxc3 7. Bxc3 0-0 8. e3 d6 9. Be2 Nbd7 10. 0-0 Ne4 11. Qc2 f5 12. Rad1 Qe7 13. Ne1 Qg5 14. f4 Qg6 15. Bf3 Nxc3 16. Qxc3 Bxf3 17. Rxf3 Nf6 18. d5 Ne4 19. Qd4 Rae8 20. dxe6 Qxe6 21. Qd5 Nf6 22. Qxe6+ Rxe6 23. Nc2 c5 24. Rd3 Rfe8 25. h3 Kf7 26. Rf1 Rd8 27. Rfd1 Ke7 28. Kf2 Ne4+ 29. Kf3 h5 30. Rd5 g6 31. h4 Nf6 32. R5d3 Re4 33. b3 a5 34. a4 Ke6 1/2-1/2

[Event "Tom Weston Major op"]
[Site "Wales"]
[Date "2008.03.23"]
[Round "4"]
[White "Harle, Bill"]
[Black "Teng, Yinglun"]
[Result "0-1"]
[WhiteElo "1868"]
[BlackElo "1758"]
[PlyCount "52"]
[EventDate "2008.03.21"]
[EventType "swiss"]
[EventRounds "7"]
[EventCountry "WLS"]
[SourceTitle "EXT 2010"]
[Source "ChessBase"]
[SourceDate "2010.11.25"]
[SourceVersion "1"]
[SourceVersionDate "2010.11.25"]
[SourceQuality "1"]

1. d4 Nf6 2. c4 c5 3. d5 b5 4. cxb5 a6 5. b6 Qxb6 6. Nc3 d6 7. Nf3 g6 8. g3 Bg7 9. Bg2 Bb7 10. 0-0 0-0 11. Nd2 Nbd7 12. a3 a5 13. Rb1 Ne5 14. b3 Ba6 15. Re1 Rab8 16. Bb2 Rb7 17. Na4 Qd8 18. Bxe5 dxe5 19. Nxc5 Ra7 20. Nxa6 Rxa6 21. e4 Qd7 22. Nc4 Ng4 23. Bh3 h5 24. f3 Qa7+ 25. Ne3 Nxe3 26. Qe2 Nc2+ 0-1